| 000 | 00579nam a2200217Ia 4500 | ||
|---|---|---|---|
| 003 | IIN | ||
| 005 | 20240205113742.0 | ||
| 008 | 231217s9999 xx 000 0 und d | ||
| 020 |
_cRs.1599.00 _a9789387963535 |
||
| 040 |
_aIIN _bEnglish |
||
| 082 |
_a612 _bVEN |
||
| 100 | 1 | _aVenkatesh, D. | |
| 245 | 1 |
_aTextbook of Medical Physiology / _cD.Venkatesh and H.H. Sudhakar |
|
| 250 | _a2nd ed | ||
| 260 |
_bWolters Kluwer _aNew Delhi _c2018 |
||
| 300 | _axxix, 824 p. | ||
| 650 | 1 | _aPhysiology | |
| 650 | 1 | _aMedical Physiology | |
| 700 | 1 | _aSudhakar, H.H. | |
| 942 | _cBOOK | ||
| 999 |
_c922 _d922 |
||